| 000 | 01155cam a22002895i 4500 | ||
|---|---|---|---|
| 001 | 20580135 | ||
| 003 | OSt | ||
| 005 | 20211015114407.0 | ||
| 008 | 180712s2018 scu 000 0 eng | ||
| 010 | _a 2018908203 | ||
| 020 | _a9780557209033 | ||
| 040 |
_aDLC _beng _erda _cDLC |
||
| 042 | _apcc | ||
| 050 | _aHD69.P75G98 | ||
| 100 | 1 | _aGuth, Stephen Richard. | |
| 245 | 1 | 0 |
_aProject procurement management: a guide to structured procurements. / _cStephen R. Guth |
| 260 |
_aAlexandria, Virginia: _bGuth Ventures LLC, _c2009. |
||
| 300 |
_axii, 211 p.: _bill.; |
||
| 336 |
_atext _btxt _2rdacontent |
||
| 337 |
_aunmediated _bn _2rdamedia |
||
| 338 |
_avolume _bnc _2rdacarrier |
||
| 505 | _aContents: Introduction -- Project procurement management overview -- Plan procurements -- Legal considerations -- Conduct procurements -- Dispute resolution -- Administer procurements -- Close procurements -- Ethical considerations -- | ||
| 653 |
_aPublic contracts -- United States. _aProject management. _aLetting of contracts -- United States. |
||
| 906 |
_a0 _bibc _corignew _d2 _eepcn _f20 _gy-gencatlg |
||
| 942 |
_2lcc _cBK |
||
| 999 |
_c7828 _d15328 |
||